000 00508nam a2200181 a 4500
001 1771666395035
003 YourLibrary
005 20260221150456.0
008 260221s2002##################000#0#eng##
020 _a9781858980287
082 0 4 _a338.6048
_bGAB
100 1 _aGabszewicz, Jean Jaskold,
_eauthor.
245 1 0 _aStrategic Multilateral Exchange :
260 _bEdward Elgar Publishing,
_c2002.
650 0 _aCompetition, Imperfect.
942 _cENGLISH
040 _aYourLibrary
_beng
_cYourLibrary
999 _c615371
_d615371